000 00471cam a2200193ua 4500
001 2527
008 110826n ii |||gr||||Z||||||asm
040 _cMAIN
082 _a410
100 _aPadun, Nahendra.,
_eEditor.
245 1 1 _aBhasar tattva-katha
_ced. by Nahendra Padun
250 _a1st ed.
260 _aDibrugarh:
_bBani mandir,
_c2004.
300 _a.10, 362p.
653 _aLanguage
653 _aLinguistics
653 _aBhasar tattva-katha
942 _cBK
999 _c2380
_d2380